Law and development : (Record no. 589046)

000 -LEADER
fixed length control field 01436cam a2200397 i 4500
001 - CONTROL NUMBER
control field 20579397
003 - CONTROL NUMBER IDENTIFIER
control field NUST
005 - DATE AND TIME OF LATEST TRANSACTION
control field 20220405113941.0
008 - FIXED-LENGTH DATA ELEMENTS--GENERAL INFORMATION
fixed length control field 180712s2018 pk b 001 0 eng
010 ## - LIBRARY OF CONGRESS CONTROL NUMBER
LC control number 2018322504
020 ## - INTERNATIONAL STANDARD BOOK NUMBER
International Standard Book Number 9789697576265
025 ## - OVERSEAS ACQUISITION NUMBER
Overseas acquisition number P-E-2018322504; 17
037 ## - SOURCE OF ACQUISITION
Source of stock number/acquisition Library of Congress -- Islamabad Overseas Office
038 ## - RECORD CONTENT LICENSOR
Staff Name waseem
040 ## - CATALOGING SOURCE
Original cataloging agency DLC
Language of cataloging eng
Transcribing agency DLC
Description conventions rda
042 ## - AUTHENTICATION CODE
Authentication code lcode
-- pcc
043 ## - GEOGRAPHIC AREA CODE
Geographic area code a-pk---
050 00 - LIBRARY OF CONGRESS CALL NUMBER
Classification number KPL970
Item number .C483 2018
082 ## - DEWEY DECIMAL CLASSIFICATION NUMBER
Classification number 341.759
Author Mark CHA
100 1# - MAIN ENTRY--PERSONAL NAME
Personal name Chaudhry, Sharafat Ali,
Dates associated with a name 1975-
Relator term author.
9 (RLIN) 90832
245 10 - TITLE STATEMENT
Title Law and development :
Remainder of title an alternative indicator for the measurement of development /
Statement of responsibility, etc. Sharafat A. Chaudhry.
250 ## - EDITION STATEMENT
Edition statement 1st edition.
264 #1 - PRODUCTION, PUBLICATION, DISTRIBUTION, MANUFACTURE, AND COPYRIGHT NOTICE
Place of production, publication, distribution, manufacture Islamabad :
Name of producer, publisher, distributor, manufacturer Iqbal International Institute for Research and Dialogue,
Date of production, publication, distribution, manufacture, or copyright notice 2018.
300 ## - PHYSICAL DESCRIPTION
Extent xixx, 175 pages ;
Dimensions 22 cm
336 ## - CONTENT TYPE
Content type term text
Content type code txt
Source rdacontent
337 ## - MEDIA TYPE
Media type term unmediated
Media type code n
Source rdamedia
338 ## - CARRIER TYPE
Carrier type term volume
Carrier type code nc
Source rdacarrier
504 ## - BIBLIOGRAPHY, ETC. NOTE
Bibliography, etc. note Includes bibliographical references (pages 123-145) and index.
563 ## - BINDING INFORMATION
Binding note PBK.
650 #0 - SUBJECT ADDED ENTRY--TOPICAL TERM
Topical term or geographic name entry element Law and economic development.
9 (RLIN) 90833
651 #0 - SUBJECT ADDED ENTRY--GEOGRAPHIC NAME
Geographic name Pakistan
General subdivision Economic policy.
9 (RLIN) 11106
710 1# - ADDED ENTRY--CORPORATE NAME
Corporate name or jurisdiction name as entry element International Islamic University (Islāmābād, Pakistan).
Subordinate unit Iqbal International Institute for Research & Dialogue.
9 (RLIN) 7154
906 ## - LOCAL DATA ELEMENT F, LDF (RLIN)
a 7
b cbc
c origode
d 2
e ncip
f 20
g y-gencatlg
942 ## - ADDED ENTRY ELEMENTS (KOHA)
Source of classification or shelving scheme
Koha item type Book
Holdings
Withdrawn status Lost status Source of classification or shelving scheme Damaged status Not for loan Permanent Location Current Location Shelving location Date acquired Source of acquisition Full call number Barcode Date last seen Price effective from Koha item type
          NUST Law School (NLS) NUST Law School (NLS) Law 04/05/2022 Donation 341.759 CHA CL-D-1563 04/05/2022 04/05/2022 Book
© 2023 Central Library, National University of Sciences and Technology. All Rights Reserved.